MALAYSIAN CIVIL PROCEDURE AND PRACTICE : (Record no. 4846)

000 -LEADER
fixed length control field nam a22 7a 4500
003 - CONTROL NUMBER IDENTIFIER
control field AKMAL
005 - DATE AND TIME OF LATEST TRANSACTION
control field 20200907110507.0
008 - FIXED-LENGTH DATA ELEMENTS--GENERAL INFORMATION
fixed length control field 200907t20182018my e l 000 0 eng d
020 ## - INTERNATIONAL STANDARD BOOK NUMBER
International Standard Book Number 9789674571320
Terms of availability RM 270.00
082 04 - DEWEY DECIMAL CLASSIFICATION NUMBER
Classification number 347.59505 RAV
Edition number 23
090 00 - LOCALLY ASSIGNED LC-TYPE CALL NUMBER (OCLC); LOCAL CALL NUMBER (RLIN)
Classification number (OCLC) (R) ; Classification number, CALL (RLIN) (NR) 347.59505
Local cutter number (OCLC) ; Book number/undivided call number, CALL (RLIN) RAV
100 0# - MAIN ENTRY--PERSONAL NAME
Personal name Ravi Nekoo,
Relator term author.
9 (RLIN) 9202
245 10 - TITLE STATEMENT
Title MALAYSIAN CIVIL PROCEDURE AND PRACTICE :
Remainder of title A Comprehensive Explanation On The Processes & Procedures In The Civil Court /
Statement of responsibility, etc. Ravi Nekoo ; Edited by Sandra Malani Gabriel
264 #1 - PRODUCTION, PUBLICATION, DISTRIBUTION, MANUFACTURE, AND COPYRIGHT NOTICE
Place of production, publication, distribution, manufacture Ampang, Selangor :
Name of producer, publisher, distributor, manufacturer CLJ Publication,
Date of production, publication, distribution, manufacture, or copyright notice [2018?]
264 #4 - PRODUCTION, PUBLICATION, DISTRIBUTION, MANUFACTURE, AND COPYRIGHT NOTICE
Date of production, publication, distribution, manufacture, or copyright notice ©2018
300 ## - PHYSICAL DESCRIPTION
Extent xxxv, 986 pages ;
Dimensions 23 cm
500 ## - GENERAL NOTE
General note Includes index
650 10 - SUBJECT ADDED ENTRY--TOPICAL TERM
Topical term or geographic name entry element Civil procedure
Geographic subdivision Malaysia
9 (RLIN) 3858
650 20 - SUBJECT ADDED ENTRY--TOPICAL TERM
Topical term or geographic name entry element Procedure (Law)
Geographic subdivision Malaysia
9 (RLIN) 3921
700 1# - ADDED ENTRY--PERSONAL NAME
Personal name Gabriel, Sandra Malani,
Relator term editor.
9 (RLIN) 9203
942 ## - ADDED ENTRY ELEMENTS (KOHA)
Source of classification or shelving scheme
Koha item type Book
Holdings
Withdrawn status Lost status Source of classification or shelving scheme Damaged status Not for loan Collection code Home library Current library Shelving location Date acquired Cost, normal purchase price Inventory number Total Checkouts Full call number Barcode Date last seen Cost, replacement price Price effective from Koha item type
          NON-FICTION AKMAL Melaka AKMAL Melaka PINJAMAN 07.09.2020 270.00 011333   347.59505 RAV 201707898 07.09.2020 0.00 07.09.2020 Book
Pusat Sumber Maklumat Dato' Haji Sarmin Md Hussin, Akademi Kastam Diraja Malaysia, Melaka
Tel: 06-2331106 | Faks: 06-2313787